| 000 | 00442ntaaa2200169 4500 | ||
|---|---|---|---|
| 003 | 01 | ||
| 005 | 20251027202015.0 | ||
| 008 | 0714s1973 ag 01 | ||
| 040 |
_aAR-BaBN _bspa _cAR-BaBN _eaacr _dRIC |
||
| 082 | _a261.7000 B43 | ||
| 100 |
_aBennett, John C. _918483 |
||
| 245 | _aChristians and the state | ||
| 250 |
_a1 ed. : _bCharles Scribner's Sons, _cc/958 |
||
| 300 | _axvii, 302 p. | ||
| 650 |
_aIglesia y el Estado _916119 |
||
| 942 | _cBK | ||
| 999 |
_c14853 _d14853 |
||